000 01398aam a2200349 i 4500
999 _c45963
_d45963
001 768714001
003 CO-MdFUSB
005 20201023182145.0
007 ta
008 200515s1988 enk |||| |||| 00| 0 eng d
020 _a0028960416
040 _bspa.
_aCO-MdFUSB
_cCO-MdFUSB
_dCO-MdFUSBC
_erda
041 _aeng
082 _223
_a201.3
_bO33
100 1 _aO'Flaherty, Wendy Doniger
_eautor
245 1 0 _aOther peoples' myths :
_bthe cave of echoes
_c/ Wendy Doniger O'Flaherty
264 1 _aNueva York :
_bMacmillan Publishing,
_c[1988]
264 4 _c© 1988
300 _a225 páginas
_c; 25 cm
336 _atexto
_btxt
_2rdacontent
337 _2rdamedia
_asin mediación
_bn
338 _2rdacarrier
_avolumen
_bnc
490 _aMircea Eliade lectures in the history of religions.
505 _aLos mitos de otros eruditos: El cazador y el sabio - Las mentiras de otras personas: La cueva de los ecos - Los clásicos de otras personas: Volver a contar el Mahabharata - Otras personas como animales: Rudra, señor de las bestias de sacrificio - Los rituales de otras personas: Daksha, Penteo y Jesús - Los mitos de otras personas: El lugar en el bosque - Las vidas de otras personas: El rabino de Cracovia
563 _aPasta dura
650 7 _9385
_aReligión
650 0 _9938
_aDioses
653 _aMitos
942 _cBK
945 _aJTF-925